Estadísticas para Prueba de España

Haz click aquí para tomar la prueba!

Estadísticas generales

  • Esta prueba ha sido tomada 2.200 veces
  • La puntuación promedio es 22 de 26

Estadísticas de respuestas

PreguntaRespuesta% Correcto
La segunda ciudad más pobladaBarcelona
100%
CapitalMadrid
100%
Países limítrofesFrancia
96%
Países limítrofesPortugal
96%
Península de España y PortugalIbérica
95%
Región donde se encuentra la respuesta anteriorCataluña
95%
Países limítrofesAndorra
94%
Dictador de 1939 a 1975Francisco Franco
94%
"El Hombre de La Mancha"Don Quijote
92%
El año en que Cristobal Colón descubrió el Nuevo Mundo1492
89%
Moneda antes del EuroPeseta
89%
El actual reyFelipe VI
89%
El autor del libro que presenta la respuesta anteriorMiguel de Cervantes
87%
El pintor de "Guernica"Pablo Picasso
86%
El esposo y la esposa que unieron a EspañaIsabel
84%
La cordillera que separa España y FranciaPirineos
84%
Las islas más pobladasMallorca
81%
El esposo y la esposa que unieron a EspañaFernando
80%
Ciudad del norte donde se encuentra un museo GuggenheimBilbao
79%
Las islas más pobladasTenerife
76%
Las islas más pobladasGran Canaria
70%
La mejor liga de fútbolLa Liga
70%
Conquistador de los AztecasHernán Cortés
65%
La ciudad del encierroPamplona
64%
Especia roja que da sabor a la paellaAzafrán
64%
Conquistador de los IncasFrancisco Pizarro
57%

Distribución de puntuación

Porcentaje por número respondido

Porcentaje de gente con cada puntuación

Historial de tus puntuaciones

No has tomado esta prueba